Káva každé půlnoci
Saved in:
| Main Author | |
|---|---|
| Format | Electronic eBook |
| Language | Czech |
| Published |
Canc
2023
|
| Edition | 1. elektronické vydání |
| Subjects | |
| Online Access | Dostupné v BOOKPORT po přihlášení pomocí eduID |
| ISBN | 978-80-88488-30-9 978-80-88488-31-6 978-80-88488-29-3 |
| Physical Description | 1 online zdroj (560 stran) |
| LEADER | 00000nam a2200000 i 4500 | ||
|---|---|---|---|
| 001 | bkp883949579 | ||
| 003 | CZ-prgp | ||
| 005 | 20231214160630.0 | ||
| 006 | m o d | ||
| 007 | cr cn | ||
| 008 | 231214s2023 xr o 000 1 cze | ||
| 020 | |a 978-80-88488-30-9 |c 295 Kč |q (online ; pdf) | ||
| 020 | |a 978-80-88488-31-6 |c 295 Kč |q (online ; epub) | ||
| 020 | |a 978-80-88488-29-3 |c 589 Kč |q (print) | ||
| 040 | |a Grada |b cze |e rda | ||
| 100 | 1 | |a Theresa, Black | |
| 245 | 1 | 0 | |a Káva každé půlnoci |c Black Theresa |
| 250 | |a 1. elektronické vydání | ||
| 264 | 1 | |b Canc |c 2023 | |
| 300 | |a 1 online zdroj (560 stran) | ||
| 336 | |a text |b txt |2 rdacontent | ||
| 337 | |a počítač |b c |2 rdamedia | ||
| 338 | |a online zdroj |b cr |2 rdacarrier | ||
| 520 | 3 | |a Každý má nějaké tajemství; malé, velké, absurdní, tíživé... K malým tajnostem devatenáctileté Rosemary Walkerové patří její poměrně netradiční rituál: každou půlnoc pije kávu. Už několik let je jejím společníkem, na kterého nedá dopustit - zatímco ve dne povzbuzuje, v noci uspává. Je tu ovšem jedno další tajemství - velké, tíživé, pro některé absurdní - a tím je její boj s bulimií. Ta se ukazuje jako velice silný protivník, snad nepřemožitelný, hlavně když je na blízku zrcadlo. A přestože jsou jí přátelé a rodina oporou, tento boj prohrává. Zdá se, že jediný, kdo jí může pomoci se zachránit, je její nevrlý učitel. | |
| 650 | 0 | 4 | |a Romantika, romány pro ženy |
| 856 | 4 | 0 | |u https://www.bookport.cz/AccountSaml/SignIn/?idp=https://shibboleth.utb.cz/idp/shibboleth&returnUrl=/kniha/kava-kazde-pulnoci-12320/ |y Dostupné v BOOKPORT po přihlášení pomocí eduID |